[Event "CSS Freestyle 8th"]
[Site "playchess.com"]
[Date "2008.04.12"]
[Round "5"]
[White "Knilch"]
[Black "Nasi"]
[Result "1/2-1/2"]
[WhiteElo "2460"]
[BlackElo "2408"]
[PlyCount "70"]
[EventDate "2008.04.11"]

1. Nf3 {3} Nf6 {126} 2. d4 {10} d5 {31} 3. c4 {9} e6 {19} 4. Nc3 {9} Be7 {50}
5. e3 {249} O-O {279} 6. Be2 {90} b6 {227} 7. O-O {41} Bb7 {15} 8. Bd3 {28} c5
{56} 9. cxd5 {32} exd5 {57} 10. b3 {70} Nc6 {27} 11. Bb2 {11} g6 {162} 12. Rc1
{83} Rc8 {106} 13. Re1 {13} Re8 {96} 14. Ne5 {102} a6 {134} 15. Nxc6 {217} Rxc6
{59} 16. Ne2 {79} Nh5 {40} 17. Qd2 {297} Rc8 {70} 18. dxc5 {581} bxc5 {519} 19.
Nf4 {56} Nxf4 {17} 20. exf4 {0} d4 {37} 21. f5 {16} Bd6 {29} 22. Rxe8+ {368}
Qxe8 {19} 23. Re1 {5} Qd7 {200} 24. Bc1 {19} Re8 {42} 25. f3 {19} Re7 {70} 26.
h3 {17} Bg3 {108} 27. Rxe7 {33} Qxe7 {15} 28. Kf1 {20} Bh4 {18} 29. fxg6 {156}
hxg6 {53} 30. Bc4 {46} Qe5 {43} 31. Qe2 {30} Qf6 {42} 32. a3 {126} Bg3 {25} 33.
b4 {41} cxb4 {23} 34. axb4 {0} Be5 {Nasi bietet Remis 25} 35. Qd3 {37} Bg3 {
Knilch bietet Remis (Lag: Av=0.49s, max=3.1s) 96} 1/2-1/2

[Event "CSS Freestyle 8th"]
[Site "playchess.com"]
[Date "2008.04.12"]
[Round "5"]
[White "WindPower"]
[Black "Don Juan"]
[Result "1/2-1/2"]
[WhiteElo "2442"]
[BlackElo "2485"]
[PlyCount "77"]
[EventDate "2008.04.11"]

1. e4 {4} c6 {6} 2. d4 {5} d5 {7} 3. f3 {17} e6 {125} 4. Be3 {8} dxe4 {137} 5.
fxe4 {4} Qh4+ {364} 6. g3 {3} Qxe4 {158} 7. Qd2 {3} Nd7 {84} 8. Bg2 {4} Qf5 {88
} 9. Nf3 {3} Qb5 {140} 10. b3 {4} Bb4 {264} 11. c3 {19} Be7 {138} 12. c4 {4}
Qh5 {97} 13. h3 {489} Qg6 {117} 14. g4 {194} Nh6 {8} 15. Nc3 {102} f5 {12} 16.
g5 {58} Nf7 {10} 17. Bf4 {616} O-O {205} 18. h4 {267} Qh5 {92} 19. O-O-O {146}
Bb4 {12} 20. Qe3 {189} c5 {222} 21. Ne2 {92} Nd8 {18} 22. Ne5 {158} cxd4 {204}
23. Nxd4 {30} Nxe5 {39} 24. Bxe5 {1} a5 {116} 25. Kb2 {156} Qe8 {71} 26. g6 {
157} h6 {21} 27. Nb5 {27} Qe7 {53} 28. Nc7 {149} Bc5 {36} 29. Qd2 {1} Ra7 {74}
30. Nb5 {3} Ra8 {58} 31. Nd6 {77} Bb4 {80} 32. Qf2 {117} Bd7 {92} 33. a3 {45}
Bxd6 {13} 34. Bxd6 {88} Qf6+ {8} 35. Kb1 {4} Re8 {12} 36. Rhe1 {38} Bc6 {17}
37. Be5 {171} Qf8 {21} 38. Bd6 {47} Qf6 {7} 39. Be5 {
WindPower offers a draw (Lag: Av=0.60s, max=1.4s) 3} 1/2-1/2

[Event "CSS Freestyle 8th"]
[Site "playchess.com"]
[Date "2008.04.12"]
[Round "5"]
[White "Mapi"]
[Black "Heffalump"]
[Result "1/2-1/2"]
[WhiteElo "2487"]
[BlackElo "2545"]
[PlyCount "91"]
[EventDate "2008.04.11"]

1. e4 {30} c5 {10} 2. Nf3 {14} Nc6 {26} 3. d4 {27} cxd4 {6} 4. Nxd4 {6} Nf6 {4}
5. Nc3 {18} e5 {4} 6. Ndb5 {18} d6 {4} 7. Bg5 {42} a6 {5} 8. Na3 {17} b5 {10}
9. Bxf6 {30} gxf6 {5} 10. Nd5 {9} f5 {12} 11. Bd3 {168} Be6 {11} 12. O-O {16}
Bxd5 {32} 13. exd5 {10} Ne7 {2} 14. c4 {165} Bg7 {48} 15. Be2 {143} e4 {14} 16.
Rb1 {25} O-O {130} 17. cxb5 {39} axb5 {11} 18. Bxb5 {17} Bxb2 {593} 19. Nc4 {11
} Bg7 {5} 20. a4 {7} Rc8 {28} 21. a5 {23} Rc5 {51} 22. Nb6 {8} Qc7 {144} 23.
Qd2 {9} Rb8 {11} 24. Rbc1 {288} Ng6 {17} 25. Bc6 {140} Rxc1 {4} 26. Rxc1 {10}
Qe7 {7} 27. Re1 {679} Be5 {256} 28. Bb5 {79} h5 {563} 29. Bf1 {196} Bf4 {10}
30. Qc3 {207} h4 {25} 31. Nc4 {117} Ne5 {127} 32. a6 {80} Ng4 {7} 33. g3 {344}
Qa7 {30} 34. Re2 {94} Be5 {30} 35. Qc1 {34} hxg3 {47} 36. hxg3 {16} Qxa6 {96}
37. Rxe4 {10} Qc8 {50} 38. Qg5+ {15} Kf8 {10} 39. Nxe5 {49} Nxe5 {5} 40. Qh6+ {
9} Kg8 {4} 41. Qg5+ {216} Kf8 {12} 42. Qh6+ {108} Kg8 {5} 43. Rf4 {3} Qc2 {9}
44. Qg5+ {81} Kf8 {5} 45. Rxf5 {84} Rb1 {67} 46. Qd8+ {
Mapi bietet Remis (Lag: Av=0.44s, max=1.5s) 75} 1/2-1/2

[Event "CSS Freestyle 8th"]
[Site "playchess.com"]
[Date "2008.04.12"]
[Round "5"]
[White "Maschanska"]
[Black "Averell"]
[Result "0-1"]
[WhiteElo "2415"]
[BlackElo "2454"]
[PlyCount "76"]
[EventDate "2008.04.11"]

1. e4 {7} e6 {3} 2. d4 {37} d5 {3} 3. Nc3 {108} Nf6 {2} 4. e5 {31} Nfd7 {10} 5.
Nf3 {15} c5 {30} 6. Be3 {127} Nc6 {118} 7. Bb5 {304} cxd4 {52} 8. Bxd4 {247} a6
{47} 9. Bxc6 {92} bxc6 {3} 10. O-O {242} Be7 {102} 11. Be3 {67} c5 {88} 12. Bf4
{209} g5 {185} 13. Bg3 {23} h5 {108} 14. h3 {16} Bb7 {12} 15. Re1 {199} Qc7 {
101} 16. Nd2 {45} O-O-O {63} 17. Qf3 {77} Rh7 {158} 18. b3 {220} Rdh8 {199} 19.
Qe2 {94} Rg7 {37} 20. Na4 {675} h4 {59} 21. Bh2 {8} g4 {71} 22. hxg4 {23} h3 {
66} 23. g3 {6} Rhg8 {62} 24. f3 {7} Rg5 {91} 25. Qf1 {123} Nxe5 {140} 26. Qxh3
{54} c4 {182} 27. c3 {7} Nd3 {255} 28. Re2 {35} Bc6 {64} 29. Rb1 {12} Qa5 {184}
30. Qf1 {352} Bxa4 {89} 31. bxa4 {6} Qxc3 {47} 32. a5 {22} Bc5+ {159} 33. Kg2 {
11} Rh8 {51} 34. Qd1 {7} f5 {68} 35. Nf1 {70} fxg4 {59} 36. fxg4 {8} Re5 {89}
37. Qd2 {50} Qd4 {86} 38. Rbe1 {34} Rxe2+ {
Maschanska gibt auf (Lag: Av=0.34s, max=1.0s) 121} 0-1

[Event "CSS Freestyle 8th"]
[Site "playchess.com"]
[Date "2008.04.12"]
[Round "5"]
[White "Olivier EVAN"]
[Black "FATTAaMANO"]
[Result "1/2-1/2"]
[WhiteElo "2371"]
[BlackElo "2427"]
[PlyCount "104"]
[EventDate "2008.04.11"]

1. e4 {2} c5 {6} 2. Be2 {24} Nc6 {84} 3. Nf3 {40} e5 {42} 4. Bc4 {27} Be7 {104}
5. Nc3 {4} d6 {61} 6. d3 {33} Nf6 {54} 7. O-O {10} O-O {5} 8. a3 {225} Nd4 {98}
9. Nxd4 {265} cxd4 {44} 10. Nd5 {5} Be6 {76} 11. f4 {399} Nxd5 {224} 12. exd5 {
4} Bd7 {54} 13. Qh5 {6} Bf6 {224} 14. a4 {59} Qc8 {317} 15. Qf3 {201} a6 {169}
16. a5 {122} Bg4 {196} 17. Qg3 {4} e4 {142} 18. f5 {5} Bxf5 {15} 19. Bf4 {10}
exd3 {297} 20. cxd3 {14} Re8 {9} 21. Bxd6 {7} Re3 {25} 22. Rf3 {4} Qd7 {70} 23.
Bf4 {6} Re2 {32} 24. Re1 {20} Rae8 {53} 25. Rxe2 {4} Rxe2 {10} 26. Rf2 {34}
Re1+ {27} 27. Rf1 {5} Rxf1+ {3} 28. Kxf1 {14} Qa4 {32} 29. Qe1 {25} Bd7 {8} 30.
Kf2 {123} h6 {49} 31. Kf3 {46} Qc2 {68} 32. b3 {432} Bf5 {135} 33. d6 {110} Bd7
{11} 34. Bd2 {15} Bc6+ {24} 35. Kg3 {132} Kh7 {18} 36. h4 {163} Kg8 {9} 37. h5
{80} Be5+ {81} 38. Qxe5 {4} Qxd2 {3} 39. Bd5 {44} Qxd3+ {
FATTAaMANO bietet Remis 62} 40. Bf3 {7} Bd7 {11} 41. Qe7 {5} Qb5 {4} 42. Kf2 {
39} d3 {48} 43. Ke3 {20} d2 {57} 44. Kxd2 {23} Qxa5+ {4} 45. Ke2 {5} Qf5 {55}
46. Ke3 {109} Qc5+ {66} 47. Kd2 {5} Qb4+ {7} 48. Ke2 {23} Be6 {36} 49. Bxb7 {73
} Qb5+ {7} 50. Ke3 {11} Qc5+ {7} 51. Kd2 {73} Qd4+ {6} 52. Ke2 {46} Qe5+ {
Olivier EVAN propose la nulle (Lag: Av=1.12s, max=3.5s) 16} 1/2-1/2

[Event "CSS Freestyle 8th"]
[Site "playchess.com"]
[Date "2008.04.12"]
[Round "5"]
[White "Rybusia"]
[Black "Luminarydebris"]
[Result "1/2-1/2"]
[WhiteElo "2472"]
[BlackElo "2454"]
[PlyCount "104"]
[EventDate "2008.04.11"]

1. e4 {7} c5 {29} 2. Nf3 {8} d6 {10} 3. d4 {7} cxd4 {0} 4. Nxd4 {8} Nf6 {9} 5.
Nc3 {7} a6 {6} 6. Be3 {7} e5 {6} 7. Nb3 {20} Be6 {12} 8. f3 {9} Be7 {8} 9. Qd2
{10} O-O {7} 10. O-O-O {8} Nbd7 {7} 11. g4 {16} b5 {6} 12. g5 {12} b4 {6} 13.
Ne2 {14} Ne8 {5} 14. f4 {9} a5 {4} 15. f5 {7} a4 {10} 16. Nbd4 {8} exd4 {6} 17.
Nxd4 {12} b3 {6} 18. Kb1 {8} bxc2+ {4} 19. Nxc2 {8} Bb3 {8} 20. axb3 {8} axb3 {
0} 21. Na3 {10} Ne5 {4} 22. h4 {7} Ra4 {6} 23. Qc3 {15} Qa8 {14} 24. Rd4 {24}
Nc7 {16} 25. Rxa4 {658} Qxa4 {0} 26. Qd4 {7} Qa8 {15} 27. Rh3 {89} Rb8 {7} 28.
h5 {1701} Nb5 {11} 29. Bxb5 {8} Rxb5 {6} 30. f6 {571} Bd8 {20} 31. fxg7 {7}
Kxg7 {8} 32. g6 {8} Ra5 {70} 33. h6+ {33} Kg8 {16} 34. gxf7+ {13} Kxf7 {5} 35.
Qb4 {7} Bf6 {656} 36. Rg3 {309} Ke7 {22} 37. Bg5 {22} Bxg5 {10} 38. Rxg5 {12}
Rc5 {5} 39. Rg3 {129} Nc4 {120} 40. Rxb3 {36} Qxe4+ {21} 41. Ka2 {7} Qe6 {26}
42. Nxc4 {71} Rxc4 {0} 43. Qb7+ {20} Ke8 {' 476} 44. Ka3 {11} d5 {27} 45. Qa8+
{9} Rc8 {303} 46. Qa4+ {8} Qc6 {196} 47. Rb7 {8} Qxa4+ {23} 48. Kxa4 {4} d4 {5}
49. Rxh7 {5} d3 {21} 50. Rg7 {6} d2 {70} 51. Rg1 {
Luminarydebris offers a draw 7} Rc4+ {38} 52. b4 {10} Rh4 {
Rybusia offers a draw (Lag: Av=0.56s, max=1.5s) 12} 1/2-1/2

[Event "CSS Freestyle 8th"]
[Site "playchess.com"]
[Date "2008.04.12"]
[Round "5"]
[White "Ciron"]
[Black "Ragged"]
[Result "1/2-1/2"]
[WhiteElo "2532"]
[BlackElo "2426"]
[PlyCount "98"]
[EventDate "2008.04.11"]

1. e4 {183} c5 {4} 2. Nf3 {20} d6 {6} 3. d4 {58} cxd4 {6} 4. Nxd4 {34} Nf6 {8}
5. Nc3 {13} a6 {7} 6. f3 {65} e6 {41} 7. Be3 {37} b5 {16} 8. Qd2 {110} Nbd7 {83
} 9. g4 {77} b4 {66} 10. Nce2 {85} h6 {27} 11. O-O-O {96} Qc7 {62} 12. Bg2 {430
} d5 {24} 13. exd5 {548} Nxd5 {10} 14. Nf4 {8} Nxe3 {57} 15. Qxe3 {5} Nf6 {37}
16. Nfxe6 {90} Bxe6 {917} 17. f4 {39} Bc5 {172} 18. Bxa8 {39} O-O {112} 19. g5
{33} hxg5 {329} 20. fxg5 {55} Ng4 {46} 21. Qf3 {130} Bxd4 {62} 22. Rxd4 {8} Qa7
{90} 23. Rxg4 {550} Bxg4 {8} 24. Qxg4 {6} Qxa8 {19} 25. Rd1 {8} Rd8 {51} 26. h4
{27} Rxd1+ {26} 27. Qxd1 {15} a5 {Ragged offers a draw 49} 28. b3 {499} Qa7 {26
} 29. Kb2 {110} Qc5 {26} 30. a4 {235} Qe5+ {141} 31. Ka2 {8} g6 {76} 32. Qd8+ {
58} Kg7 {41} 33. Qf6+ {264} Qxf6 {7} 34. gxf6+ {4} Kxf6 {11} 35. c3 {3} bxc3 {
12} 36. b4 {12} Ke5 {38} 37. b5 {11} f5 {29} 38. Kb3 {19} Kd4 {14} 39. Kc2 {12}
f4 {25} 40. b6 {14} f3 {41} 41. b7 {8} f2 {81} 42. b8=Q {5} f1=Q {51} 43. Qb6+
{5} Ke4 {50} 44. Qxg6+ {5} Ke5 {68} 45. Qg3+ {11} Ke6 {56} 46. Qe3+ {9} Kf7 {37
} 47. Qa7+ {9} Ke6 {10} 48. Qb6+ {21} Ke7 {47} 49. Qc5+ {24} Ke6 {
Ragged offers a draw (Lag: Av=0.77s, max=2.3s) 18} 1/2-1/2

[Event "CSS Freestyle 8th"]
[Site "playchess.com"]
[Date "2008.04.12"]
[Round "5"]
[White "Revelator"]
[Black "Rajlich"]
[Result "0-1"]
[WhiteElo "2529"]
[BlackElo "2579"]
[PlyCount "94"]
[EventDate "2008.04.11"]

1. Nf3 {112} Nf6 {27} 2. d4 {21} e6 {35} 3. c4 {48} c5 {6} 4. d5 {28} b5 {8} 5.
Bg5 {476} exd5 {29} 6. cxd5 {453} h6 {9} 7. Bxf6 {77} Qxf6 {5} 8. Qc2 {3} Be7 {
6} 9. Nc3 {80} Qb6 {17} 10. e3 {47} b4 {13} 11. Na4 {9} Qc7 {23} 12. a3 {36} a5
{41} 13. Nd4 {40} d6 {11} 14. Nb5 {182} Qb7 {12} 15. Nxc5 {159} dxc5 {6} 16. d6
{5} O-O {4} 17. dxe7 {5} Qxe7 {3} 18. axb4 {33} cxb4 {19} 19. Be2 {343} Bb7 {19
} 20. Qc7 {41} Nc6 {18} 21. Qxe7 {62} Nxe7 {17} 22. O-O {2} a4 {499} 23. Rfd1 {
15} Rfb8 {13} 24. Bc4 {531} Nf5 {337} 25. Nc7 {81} Ra5 {51} 26. Rd7 {35} Bc6 {
343} 27. Rxf7 {312} Nd6 {10} 28. Rf4+ {3} Nxc4 {4} 29. Rxc4 {6} a3 {39} 30.
bxa3 {6} Rb6 {95} 31. Rb1 {11} b3 {15} 32. f3 {49} Rxa3 {34} 33. Kf2 {42} Ra2+
{4} 34. Kg3 {85} Rd2 {228} 35. Na8 {334} Bxa8 {61} 36. Rc8+ {10} Kf7 {107} 37.
Rxa8 {5} g5 {193} 38. Ra7+ {66} Kf6 {' 334} 39. Rh7 {44} Kg6 {96} 40. Rc7 {7}
b2 {5} 41. e4 {8} Re2 {107} 42. h4 {78} gxh4+ {69} 43. Kxh4 {3} Rxg2 {21} 44.
Kh3 {3} Re2 {66} 45. Kg3 {3} h5 {68} 46. Rc5 {28} Rb8 {116} 47. Kf4 {93} Rg2 {
Revelator resigns (Lag: Av=0.54s, max=1.3s) 62} 0-1

[Event "CSS Freestyle 8th"]
[Site "playchess.com"]
[Date "2008.04.12"]
[Round "5"]
[White "Snuggles"]
[Black "Mikhail Umansky"]
[Result "1-0"]
[WhiteElo "2507"]
[BlackElo "2358"]
[PlyCount "103"]
[EventDate "2008.04.11"]

1. d4 {50} Nf6 {5} 2. c4 {29} g6 {4} 3. Nc3 {25} Bg7 {2} 4. e4 {6} d6 {2} 5.
Nf3 {11} O-O {3} 6. Be2 {12} e5 {4} 7. O-O {7} Na6 {3} 8. Be3 {431} c6 {6} 9.
Re1 {265} Ng4 {574} 10. Bg5 {5} f6 {62} 11. Bh4 {73} Nh6 {38} 12. h3 {273} Nf7
{30} 13. Rb1 {73} Nc7 {278} 14. b4 {321} Ne6 {54} 15. d5 {
Snuggles bietet Remis 3} Nf4 {98} 16. Bf1 {949} cxd5 {284} 17. Nxd5 {7} Nxd5 {
14} 18. cxd5 {5} Bd7 {12} 19. Nd2 {45} b5 {276} 20. f3 {71} Rc8 {574} 21. Nb3 {
15} Ng5 {103} 22. Bf2 {146} f5 {21} 23. h4 {26} Nf7 {233} 24. exf5 {8} gxf5 {3}
25. Na5 {34} Qf6 {366} 26. Nc6 {85} a6 {9} 27. a4 {18} e4 {86} 28. axb5 {29}
axb5 {47} 29. Bxb5 {5} Rce8 {64} 30. Bc4 {51} Ne5 {101} 31. Nxe5 {3} Qxe5 {15}
32. b5 {11} Bh6 {26} 33. Be3 {52} Bf4 {122} 34. Bxf4 {11} Qxf4 {11} 35. Qd4 {3}
Qxh4 {59} 36. b6 {3} Qg5 {67} 37. Re3 {65} exf3 {12} 38. Rxf3 {10} f4 {27} 39.
Rbf1 {30} Qe5 {46} 40. Qf2 {14} Rb8 {8} 41. Ba6 {81} Bc8 {26} 42. Bxc8 {5}
Rbxc8 {6} 43. Qh4 {36} Qd4+ {206} 44. Kh2 {10} Qf6 {8} 45. Qg4+ {17} Kh8 {4}
46. Rxf4 {10} Qe5 {5} 47. Kh1 {21} Rg8 {35} 48. Qh3 {6} Qxd5 {59} 49. Rf7 {27}
Qe4 {5} 50. R1f4 {182} Qb1+ {130} 51. Kh2 {10} Rc1 {17} 52. Rf1 {
Mikhail Umansky gibt auf (Lag: Av=0.30s, max=1.2s) 34} 1-0

[Event "CSS Freestyle 8th"]
[Site "playchess.com"]
[Date "2008.04.12"]
[Round "5"]
[White "Enchanter"]
[Black "Regina H-Milch"]
[Result "1-0"]
[WhiteElo "2573"]
[BlackElo "2471"]
[PlyCount "145"]
[EventDate "2008.04.11"]

1. e4 {23} c5 {44} 2. Nf3 {13} d6 {13} 3. d4 {58} cxd4 {4} 4. Nxd4 {6} Nf6 {8}
5. Nc3 {27} a6 {10} 6. g3 {63} e6 {99} 7. a4 {72} Be7 {168} 8. Bg2 {30} O-O {81
} 9. O-O {20} Nc6 {91} 10. Be3 {220} Qc7 {256} 11. Qe2 {165} Na5 {280} 12. Rad1
{83} Bd7 {51} 13. g4 {87} h6 {193} 14. f4 {169} Rac8 {312} 15. g5 {176} hxg5 {
205} 16. fxg5 {7} Nh7 {2} 17. Qh5 {69} Bxg5 {520} 18. Bxg5 {94} Qc5 {138} 19.
e5 {56} Qxe5 {142} 20. Nf5 {80} exf5 {53} 21. Rd5 {9} g6 {101} 22. Qh6 {21} Qg7
{11} 23. Rxa5 {19} Nxg5 {12} 24. Qxg5 {4} Qd4+ {166} 25. Kh1 {8} Be6 {110} 26.
Rf4 {244} Qg7 {14} 27. Bxb7 {36} Rb8 {15} 28. Bxa6 {93} Rxb2 {56} 29. Nd5 {37}
Bxd5+ {137} 30. Rxd5 {7} Rxc2 {4} 31. Rxd6 {30} Qe5 {93} 32. Rd1 {106} Qc7 {119
} 33. Bf1 {53} Re8 {16} 34. Rh4 {113} Qc6+ {58} 35. Bg2 {13} Qc3 {4} 36. Rf1 {
38} Rd2 {146} 37. Rh3 {162} Rd3 {27} 38. Rxd3 {51} Qxd3 {4} 39. Qg3 {134} Qd2 {
263} 40. Rxf5 {160} Re1+ {16} 41. Rf1 {12} Rxf1+ {8} 42. Bxf1 {5} Qd5+ {23} 43.
Qg2 {27} Qf5 {42} 44. Qe2 {55} Qd5+ {17} 45. Bg2 {5} Qd4 {22} 46. Bc6 {97} Qc3
{43} 47. Bf3 {27} Qa1+ {39} 48. Qd1 {13} Qc3 {5} 49. Kg2 {16} Kg7 {16} 50. Qe2
{31} Kf8 {19} 51. Qa2 {29} Qa5 {16} 52. h4 {33} Qb4 {36} 53. a5 {. 153} Qxh4 {5
} 54. Qa3+ {15} Kg8 {6} 55. a6 {114} Qg5+ {11} 56. Kf1 {6} Qb5+ {30} 57. Be2 {
97} Qf5+ {12} 58. Ke1 {4} Qe4 {55} 59. a7 {89} Qh4+ {8} 60. Kd1 {74} Qd4+ {30}
61. Kc2 {56} Qe4+ {10} 62. Bd3 {119} Qg2+ {9} 63. Kc3 {73} Qc6+ {4} 64. Kd2 {5}
Qg2+ {14} 65. Be2 {8} Qg5+ {17} 66. Kd1 {27} Qd5+ {10} 67. Qd3 {34} Qh1+ {36}
68. Kd2 {12} Qa8 {17} 69. Qd7 {15} Kg7 {16} 70. Bc4 {29} Qg2+ {11} 71. Kc3 {4}
Qg3+ {26} 72. Qd3 {6} Qe1+ {17} 73. Kb3 {
Regina H-Milch gibt auf (Lag: Av=0.37s, max=1.2s) 6} 1-0

[Event "CSS Freestyle 8th"]
[Site "playchess.com"]
[Date "2008.04.12"]
[Round "5"]
[White "Dom_"]
[Black "Siciliane5"]
[Result "1/2-1/2"]
[WhiteElo "2447"]
[BlackElo "2399"]
[PlyCount "126"]
[EventDate "2008.04.11"]

1. e4 {59} d5 {3} 2. exd5 {60} Qxd5 {3} 3. Nc3 {40} Qa5 {3} 4. d4 {52} Bf5 {4}
5. Nf3 {59} e6 {67} 6. Ne5 {75} Nf6 {333} 7. Nc4 {50} Qb4 {247} 8. Bd2 {14} Qe7
{64} 9. Qf3 {14} c6 {19} 10. Ne3 {256} Bg6 {53} 11. h4 {52} h6 {30} 12. O-O-O {
36} Nbd7 {131} 13. Kb1 {25} Nb6 {62} 14. a4 {167} a5 {200} 15. g4 {59} Qd8 {157
} 16. g5 {78} hxg5 {224} 17. hxg5 {10} Rxh1 {28} 18. Qxh1 {11} Nfd5 {39} 19.
Ncxd5 {88} Nxd5 {28} 20. Bg2 {75} Rc8 {366} 21. Bf3 {166} Nxe3 {325} 22. Bxe3 {
88} Qd6 {39} 23. Be4 {94} Bxe4 {61} 24. Qxe4 {5} Qd5 {2} 25. Qd3 {48} b5 {56}
26. g6 {77} bxa4 {210} 27. gxf7+ {69} Kxf7 {24} 28. Rg1 {33} Rb8 {144} 29. Rg5
{248} Qd6 {4} 30. Ka2 {32} Kg8 {40} 31. Rc5 {54} Qc7 {25} 32. Re5 {57} Qb7 {24}
33. Bc1 {42} Qf7 {108} 34. Qc4 {140} Rb4 {70} 35. Qxc6 {36} Rxd4 {51} 36. Qxe6
{77} Qxe6+ {32} 37. Rxe6 {5} Rc4 {22} 38. Kb1 {8} a3 {66} 39. bxa3 {14} Rc3 {
198} 40. a4 {294} Rc4 {44} 41. Bd2 {16} Rxa4 {74} 42. Re5 {9} Rd4 {162} 43.
Bxa5 {24} Rf4 {14} 44. Be1 {19} Kf7 {35} 45. Kb2 {9} Be7 {15} 46. Kb3 {22} Bf6
{4} 47. Re2 {102} Bd4 {8} 48. c4 {127} g5 {20} 49. Ka4 {63} Rf5 {
Siciliane5 offers a draw 17} 50. Bd2 {164} Bc5 {21} 51. Be3 {115} Re5 {93} 52.
Kb3 {136} g4 {13} 53. Kc2 {60} Bxe3 {39} 54. fxe3 {53} Kg6 {12} 55. Kd3 {72}
Kg5 {13} 56. Kd4 {124} Re8 {19} 57. c5 {75} g3 {12} 58. Kd5 {39} Kg4 {
Siciliane5 offers a draw 14} 59. c6 {24} Kf3 {12} 60. Re1 {55} g2 {11} 61. c7 {
51} Rh8 {19} 62. e4 {95} Rh1 {42} 63. Rxh1 {Dom_ proponuje remis 40} gxh1=Q {
(Lag: Av=1.82s, max=3.4s) 17} 1/2-1/2

[Event "CSS Freestyle 8th"]
[Site "playchess.com"]
[Date "2008.04.12"]
[Round "5"]
[White "Intuitivestra"]
[Black "Croberson"]
[Result "1/2-1/2"]
[WhiteElo "2331"]
[BlackElo "2432"]
[PlyCount "117"]
[EventDate "2008.04.11"]

1. d4 {39} Nf6 {77} 2. c4 {11} e6 {51} 3. Nf3 {10} b6 {71} 4. Nc3 {61} Bb4 {120
} 5. g3 {183} Bxc3+ {163} 6. bxc3 {5} d6 {9} 7. Bg2 {11} Bb7 {226} 8. O-O {220}
O-O {205} 9. Bg5 {127} Nbd7 {81} 10. Re1 {308} h6 {87} 11. Bxf6 {127} Nxf6 {9}
12. Nd2 {38} Bxg2 {188} 13. Kxg2 {7} c5 {190} 14. e4 {8} cxd4 {61} 15. cxd4 {5}
e5 {45} 16. Nf1 {69} Rc8 {213} 17. Qd3 {83} Re8 {178} 18. f3 {166} exd4 {13}
19. Qxd4 {6} Nd7 {118} 20. Ne3 {7} Ne5 {58} 21. Red1 {69} Rc5 {22} 22. Rac1 {12
} Ra5 {58} 23. Rc2 {24} Ra3 {72} 24. Nf5 {247} Rxf3 {36} 25. Nxd6 {151} Re6 {
194} 26. Nf5 {163} Qf8 {24} 27. c5 {13} Ra3 {77} 28. cxb6 {61} axb6 {57} 29.
Nd6 {66} Kh7 {59} 30. Nb5 {14} Ra5 {94} 31. a4 {49} Nc6 {31} 32. Qc4 {83} Qe7 {
18} 33. Rcc1 {132} Ne5 {30} 34. Qd4 {5} Qg5 {94} 35. Rf1 {47} Re7 {74} 36. Rc7
{225} Rxc7 {40} 37. Nxc7 {5} Rc5 {53} 38. Nd5 {25} Rc4 {170} 39. Qb2 {193} Rxe4
{16} 40. Qc2 {15} Qg6 {42} 41. Nf4 {51} Qc6 {81} 42. Qxc6 {39} Nxc6 {3} 43. Nd5
{68} Rxa4 {20} 44. Rxf7 {90} Ra2+ {12} 45. Kh3 {12} b5 {62} 46. Rb7 {10} Rb2 {
16} 47. Nf4 {89} Nd4 {60} 48. Nh5 {21} Ne6 {36} 49. Kg4 {47} Rc2 {46} 50. Nf4 {
Intuitivestra bietet Remis 61} Nxf4 {95} 51. gxf4 {57} Rxh2 {78} 52. Rxb5 {4}
Rg2+ {61} 53. Kh5 {32} g6+ {69} 54. Kh4 {4} Kg7 {19} 55. f5 {14} g5+ {60} 56.
Kh3 {5} Rg1 {25} 57. Rb7+ {9} Kf6 {89} 58. Rb6+ {6} Kxf5 {24} 59. Kh2 {
Croberson offers a draw (Lag: Av=0.55s, max=1.5s) 13} 1/2-1/2

[Event "CSS Freestyle 8th"]
[Site "playchess.com"]
[Date "2008.04.12"]
[Round "5"]
[White "Voyage"]
[Black "Nods"]
[Result "0-1"]
[WhiteElo "2378"]
[BlackElo "2388"]
[PlyCount "150"]
[EventDate "2008.04.11"]

1. e4 {31} c6 {18} 2. d4 {7} d5 {8} 3. Nc3 {27} dxe4 {12} 4. Nxe4 {3} Nd7 {10}
5. Bc4 {73} Ngf6 {10} 6. Ng5 {11} e6 {9} 7. Qe2 {19} Nb6 {5} 8. Bb3 {24} h6 {18
} 9. N5f3 {9} Be7 {28} 10. Nh3 {57} g5 {244} 11. Nhg1 {94} g4 {205} 12. Ne5 {38
} Qxd4 {49} 13. c3 {113} Qe4 {50} 14. Qxe4 {85} Nxe4 {0} 15. Nxg4 {274} Rg8 {
212} 16. f3 {13} Nc5 {40} 17. Bc2 {387} f5 {245} 18. Ne3 {3} f4 {141} 19. Ng4 {
25} h5 {4} 20. Ne5 {305} Bf6 {7} 21. Bxf4 {31} Rxg2 {11} 22. O-O-O {86} Nd5 {98
} 23. Nh3 {62} Nxf4 {467} 24. Nxf4 {12} Rxc2+ {1} 25. Kxc2 {2} Bxe5 {3} 26.
Nxh5 {3} b6 {210} 27. Rhg1 {1078} Ke7 {5} 28. Rg8 {15} Bb7 {1} 29. Rxa8 {5}
Bxa8 {32} 30. Rg1 {39} Nd7 {104} 31. f4 {90} Bd6 {55} 32. Rg7+ {16} Kd8 {90}
33. Rg8+ {290} Nf8 {17} 34. Rg7 {22} c5 {64} 35. Rxa7 {18} Be4+ {31} 36. Kb3 {
29} Ng6 {268} 37. Nf6 {53} Bc6 {14} 38. a4 {121} Bxf4 {63} 39. a5 {5} bxa5 {100
} 40. Rxa5 {6} Bd6 {87} 41. Ra6 {45} Ne5 {52} 42. Ng4 {85} c4+ {109} 43. Kc2 {
20} Nxg4 {49} 44. Rxc6 {6} Kd7 {13} 45. Ra6 {65} Bxh2 {11} 46. b3 {8} Ne3+ {46}
47. Kb2 {17} e5 {65} 48. bxc4 {14} Nxc4+ {15} 49. Kb3 {3} Nd6 {70} 50. c4 {6}
Bg1 {44} 51. Kb4 {4} Ne4 {347} 52. Rg6 {47} Bd4 {36} 53. Kb3 {19} Nd2+ {99} 54.
Kb4 {8} e4 {15} 55. c5 {213} e3 {23} 56. Rg1 {2} Kc6 {22} 57. Rh1 {7} Bxc5+ {20
} 58. Kc3 {6} Ne4+ {30} 59. Kc4 {15} Nf2 {20} 60. Re1 {17} Bb6 {13} 61. Rg1 {7}
Ba5 {15} 62. Kd4 {12} Bd2 {20} 63. Rg6+ {28} Kd7 {8} 64. Rg7+ {16} Kd8 {10} 65.
Rg6 {3} e2 {10} 66. Re6 {4} e1=Q {17} 67. Rxe1 {2} Bxe1 {3} 68. Ke3 {2} Nh3 {8}
69. Ke2 {2} Ba5 {6} 70. Kf3 {1} Ke7 {6} 71. Kg4 {1} Ng1 {6} 72. Kf5 {2} Kd6 {6}
73. Ke4 {2} Be1 {6} 74. Kd4 {4} Bf2+ {5} 75. Ke4 {2} Ke6 {
Voyage resigns (Lag: Av=0.42s, max=1.2s) 7} 0-1